00423nas a2200133uu 4500001001200000003000400012005001700016008004100033040000800074041000800082110007000090245004300160260008600203WIIW0000140OSt20181219121644.0181219c19999999au z||m| |||| 00| |0eng d cOSt aeng2 aWiener Institut für Internationale Wirtschaftsvergleiche (wiiw)1 awiiw Balkan Observatory Working Papers aWien :bWiener Institut für Internationale Wirtschaftsvergleiche (wiiw),c1999-